000 00367 a2200157 4500
001 175882
020 _a
040 _cMagnum
100 _aCarril, Lourdes
240 1 0 _aTerras de negros: heranca de quilombos
_lpor
245 1 0 _aTerras de negros: heranca de quilombos
362 0 _a1899
440 1 _aScipione
697 _aMAGNITO: PARADIDATICO
942 _cBK
999 _c175882
_d175882